Statistics for Films of Frank Capra

Click here to take the quiz!

General Stats

  • This quiz has been taken 12 times
  • The average score is 6 of 36

Answer Stats

YearGenreLead(s)Answer% Correct
1946Family DramaJames Stewart, Donna ReedIt's a Wonderful Life
100%
1939Romantic dramaJean Arthur, James Stewart, Claude RainsMr. Smith Goes to Washington
75%
1934Romantic comedyClark Gable, Claudette ColbertIt Happened One Night
67%
1938Romantic comedyJean Arthur, James StewartYou Can't Take It with You
67%
1944ComedyCary Grant, Priscilla LaneArsenic and Old Lace
50%
1937Sci-Fi adventureRonald Colman, Jane WyattLost Horizon
42%
1936Romantic comedyGary Cooper, Jean ArthurMr. Deeds Goes to Town
42%
1948Comedy dramaSpencer Tracy, Katharine HepburnState of the Union
33%
1959ComedyFrank Sinatra, Edward G. RobinsonA Hole in the Head
25%
1933ComedyWarren William, May RobsonLady for a Day
25%
1941Romantic comedyGary Cooper, Barbara StanwyckMeet John Doe
25%
1931Romantic comedyJean Harlow, Loretta YoungPlatinum Blonde
17%
1961Comedy dramaGlenn Ford, Bette DavisPocketful of Miracles
17%
1951Musical comedyBing Crosby, Jane WymanHere Comes the Groom
8%
1950ComedyBing Crosby, Coleen GrayRiding High
8%
1926ComedyHarry LangdonThe Strong Man
8%
1932DramaWalter Huston, Pat O'BrienAmerican Madness
0%
1934Romantic dramaWarner Baxter, Myrna LoyBroadway Bill
0%
1931AdventureJack Holt, Ralph GravesDirigible
0%
1929AdventureJack HoltFlight
0%
1932Romantic dramaBarbara Stanwyck, Adolphe MenjouForbidden
0%
1927RomanceClaudette ColbertFor the Love of Mike
0%
1930Romantic dramaBarbara Stanwyck, Ralph GravesLadies of Leisure
0%
1927ComedyHarry LangdonLong Pants
0%
1930Romantic comedyJoe Cook, Louise FazendaRain or Shine
0%
1928ComedyFrancis X. BushmanSay It with Sables
0%
1928Romantic comedyShirley Mason, Buster CollierSo This Is Love?
0%
1928Action, DramaJack Holt, Dorothy RevierSubmarine
0%
1928Comedy/DramaViola DanaThat Certain Thing
0%
1933Romantic dramaBarbara Stanwyck, Nils AstherThe Bitter Tea of General Yen
0%
1929Action comedyJack Holt, Dorothy RevierThe Donovan Affair
0%
1928Romantic comedyBessie Love, Johnnie WalkerThe Matinee Idol
0%
1931Romantic dramaBarbara Stanwyck, David MannersThe Miracle Woman
0%
1928DramaDouglas Fairbanks Jr., Jobyna RalstonThe Power of the Press
0%
1928DramaAlice Day, Margaret LivingstonThe Way of the Strong
0%
1929DramaJean Hersholt, Lina BasquetteThe Younger Generation
0%

Score Distribution

Percentile by Number Answered

Percent of People with Each Score

Your Score History

You have not taken this quiz